| 000 | 00584nam a2200205Ia 4500 | ||
|---|---|---|---|
| 005 | 20240312093138.0 | ||
| 008 | 131103s9999 xx 000 0 und d | ||
| 040 | _aLoreto College | ||
| 041 | _aEnglish | ||
| 082 |
_a371.3 _bSAM |
||
| 100 | _aSampath,K. | ||
| 245 |
_aIntroduction to Educational Technology, _cK.Sampath, A.Pameerselvam and S.Santhanam |
||
| 250 | _a2nd rev.ed. | ||
| 260 |
_aDelhi _bSterling Publishers _c1984 |
||
| 300 | _aviii,282 p. | ||
| 650 | _aMethods of Instruction And Study | ||
| 700 | _aPanneerselvam,A.,auth. | ||
| 850 | _aLCLIB | ||
| 942 | _cBK | ||
| 999 |
_c10572 _d61051 |
||